| 000 | 00422nam a2200169Ia 4500 | ||
|---|---|---|---|
| 008 | 230524s9999 xx 000 0 und d | ||
| 020 | _a9789382332473 | ||
| 082 | _bVIS | ||
| 100 |
_aAlka Vishwa _942989 |
||
| 245 | 0 | _aComputer Organization And Arcitecture | |
| 250 | _a1 | ||
| 260 |
_aNew Delhi _bI.K.International _c2013 |
||
| 300 | _a"XI,369p;" | ||
| 500 | _aQuantity Number: 1 | ||
| 650 | _aComp-Sc | ||
| 942 | _cBK | ||
| 999 |
_c57938 _d57938 |
||